States on the US-Mexican Border Quiz Stats

 Plays Quiz not verified by Sporcle

Support Sporcle.
Go Orange.
Score 0/10 Timer 01:00
0 Plays Today
State % Correct
Texas
100%
Arizona
98.1%
California
97.1%
New Mexico
95.2%
Baja California
64.8%
Chihuahua
62.9%
Sonora
52.4%
Nuevo Leon
41%
Tamaulipas
32.4%
Coahuila
30.5%

You're not logged in!

Compare scores with friends on all Sporcle quizzes.
OR
Log In

From the Vault

PlayStation Console Multiple Choice

by jakethegoldfish

Don't forget your old memory cards.
Remove Ads.
Support Sporcle.
Get the best of Sporcle when you Go Orange. This ad-free experience offers more features, more stats, and more fun while also helping to support Sporcle. Thank you for becoming a member.

Show Comments

Extras

Top Quizzes Today


Score Distribution

Your Account Isn't Verified!

In order to create a playlist on Sporcle, you need to verify the email address you used during registration. Go to your Sporcle Settings to finish the process.

Report this User

Report this user for behavior that violates our Community Guidelines.

Details: